01908nam a22002417a 4500999001500000003000400015008004100019020001800060082001100078100002000089245004400109250001900153260003400172300004400206500048500250650008700735942001500822952016700837952016701004952017301171952016701344952015501511 c8731d8731OSt200708b ||||| |||| 00| 0 eng d a9788193824788 a610.28 aNagpal, Kalpana aText book of Pharmaceutical Engineering a1 January 2018 aNew DelhibPaging Publishers  aPg. 345. Dimensions: 19.6 x 12.5 x 2 cm aTextbook of Pharmaceutical Engineering is as per the latest PCI Syllabus, for the students of B. Pharm. of 3rd Semester (Third Semester). Textbook of Pharmaceutical Engineering is meant for budding pharmacy graduates. It covers the fundamental concepts of various pharmaceutical unit operations systematically as per the new PCI syllabus. The chapters have been sequenced accordingly and the main points have been emphasized in the form of book summary at the end of each chapter. aPharmaceutics- Drug Delivery Systems,Pharmaceutical Engineering Regulratoy Science 2ddccBK06 00102ddc40708BPaPIETbPIETd2020-02-01eKirti PrakashanfIN Rupeesg345.00kIN6239l2o610.28pBP790r2023-06-08 00:00:00s2023-05-25v248.40w2020-02-01yBK 00102ddc40708BPaPIETbPIETd2020-02-01eKirti PrakashanfIN Rupeesg345.00kIN6239l3o610.28pBP791r2025-12-03 00:00:00s2025-11-27v248.40w2020-02-01yBK 00102ddc40708BPaPIETbPIETcR03d2020-02-01eKirti PrakashanfIN Rupeesg345.00kIN6239l1o610.28pBP792r2022-05-25 00:00:00s2022-04-20v248.40w2020-02-01yREF 00102ddc40708BPaPIETbPIETd2020-02-01eKirti PrakashanfIN Rupeesg345.00kIN6239l4o610.28pBP793r2026-01-21 00:00:00s2026-01-08v248.40w2020-02-01yBK 00102ddc40708BPaPIETbPIETd2020-02-01eKirti PrakashanfIN Rupeesg345.00kIN6239l0o610.28pBP794r2020-07-08 00:00:00v248.40w2020-02-01yBK